Artificial intelligence : structures and strategies for complex problem solving (Record no. 188425)

MARC details
000 -LEADER
fixed length control field 00532nam a2200169Ia 4500
005 - DATE AND TIME OF LATEST TRANSACTION
control field 20241213122347.0
008 - FIXED-LENGTH DATA ELEMENTS--GENERAL INFORMATION
fixed length control field 231217s9999 xx 000 0 und d
020 ## - INTERNATIONAL STANDARD BOOK NUMBER
International Standard Book Number 9788131723272
082 ## - DEWEY DECIMAL CLASSIFICATION NUMBER
Classification number 001.535 LUG;28 R
100 ## - MAIN ENTRY--PERSONAL NAME
Personal name Luger, George F.
245 #0 - TITLE STATEMENT
Title Artificial intelligence : structures and strategies for complex problem solving
250 ## - EDITION STATEMENT
Edition statement 5th ed
260 ## - PUBLICATION, DISTRIBUTION, ETC. (IMPRINT)
Date of publication, distribution, etc. 2005
Name of publisher, distributor, etc. Dorling Kindersley
Place of publication, distribution, etc. New Delhi
300 ## - PHYSICAL DESCRIPTION
Extent xxiii, 903
650 ## - SUBJECT ADDED ENTRY--TOPICAL TERM
Topical term or geographic name as entry element Artificial,intelligence,structures,strategies,complex,solving
942 ## - ADDED ENTRY ELEMENTS (KOHA)
Koha item type Books
Holdings
Date last seen Total Checkouts Full call number Accession number Old discount Uniform Resource Identifier Cost, replacement price Price effective from Category Lost status Damaged status Department Withdrawn status bill no. bill date Permanent Location Current Location Shelving location Entry date Vendor Cost, normal purchase price Grants Currency symbol Conversion rate Discount Discount type
26/01/2024   001.535 LUG;28 R 70695 28 digital/contents/70696.pdf 378.00 26/01/2024 Books     Central Library   60006 25/02/2014 Central Library Central Library Central Library 30/08/2010 Book Paradise 525.00 TC RS 1 147 Rupees
26/01/2024   001.535 LUG;29 R1 70696 28 digital/contents/70696.pdf 378.00 26/01/2024 Books     Central Library   60006 25/02/2014 Central Library Central Library Central Library 30/08/2010 Book Paradise 525.00 TC RS 1 147 Rupees
26/01/2024   001.535 LUG;30 70697 28 digital/contents/70696.pdf 378.00 26/01/2024 Books     Central Library   60006 25/02/2014 Central Library Central Library Central Library 30/08/2010 Book Paradise 525.00 TC RS 1 147 Rupees
26/01/2024   001.535 LUG;31 70698 28 digital/contents/70696.pdf 378.00 26/01/2024 Books     Central Library   60006 25/02/2014 Central Library Central Library F-Block Library Annex 30/08/2010 Book Paradise 525.00 TC RS 1 147 Rupees
26/01/2024   001.535 LUG;32 70699 28 digital/contents/70696.pdf 378.00 26/01/2024 Books     Central Library   60006 25/02/2014 Central Library Central Library Central Library 30/08/2010 Book Paradise 525.00 TC RS 1 147 Rupees

© For any Suggestions or Query, please contact the library staff @ librarian@pes.edu or Phone: +9180 2672 1983/ 2108.